000
00312nam a22001337a 4500
999
_c
24150
_d
24150
003
NUST
008
140508b xxu||||| |||| 00| 0 eng d
020
_c
Available
038
_a
Nusrat Nadeem
082
_a
519.92 HAD
245
_a
Linear Programming
_c
Hadley,G
538
_i
Supercomputing Lab
942
_2
ddc
_c
BK